00661 2200241 4500001002100000005001500021035002000036007000300056008004100059020002200100082001000122084001600132100002000148245009100168260002900259300003700288650001500325700001900340520002500359520001100384990001200395990001200407INLIS00000000000169320180308100250 a0010-0318000036ta180308 g 0 ind  a978-979-709-980-0 a001.5 a001.5 AND k0 aANDRE, Hardjana1 aKomunikasi Organisasi Strategi dan Kompetensi /cAndre Hardjana; editor, Irwan Suhanda aJakarta :bKompas,c2016 axxi, 185 hlm. :bilus. ;c21 cm. aKOMUNIKASI0 aIRWAN, Suhanda atermasuk bibliografi aindeks a16572 a a16572 b